000 00458nam a22001812 4500
001 0000002838
005 20170406114536.0
008 140408s xx 000 0 eng d
020 _c$
040 _aYour Holding Symbol
_cYour Holding Symbol
100 1 _aDay Dorothy.
245 1 0 _aLoaves and fishers.
250 _a ed.
260 _aNew york :
_bCurtis,
_c1963.
300 _a215 p. ;
_c cm.
650 0 _asocial.
908 _a140408
999 _c2722
_d2722